| 000 | 01257nam a22003857a 4500 | ||
|---|---|---|---|
| 003 | OSt | ||
| 005 | 20230309141228.0 | ||
| 008 | 221006b |||||||| |||| 00| 0 eng d | ||
| 040 | _cBiblioteca Lado V | ||
| 082 |
_a701.1 _bB167a |
||
| 100 |
_9783 _aBaker, Elizabeth C. _eeditora |
||
| 245 | _aArt in America/ | ||
| 260 |
_bWhitney Communications Corporation Magazine Division _c1994 _aNew York |
||
| 300 |
_c22x29cm _a112p. |
||
| 366 | _eeng | ||
| 490 |
_aJulio _v1994 |
||
| 505 | _tFront Page | ||
| 505 | _tReview of Books | ||
| 505 | _tReport From Toronto | ||
| 505 | _tReport From Brasil | ||
| 505 | _tLygia Clark: In Search of the Body | ||
| 505 | _tJulio Galan's Hothouse Icons | ||
| 505 | _tBeing and Seeing | ||
| 505 | _tThe Caracas Connection | ||
| 505 | _tImport-Export | ||
| 505 | _tReview of Exhibitions | ||
| 505 | _tArtworld | ||
| 650 |
_2Tesauro de Arte & Arquitectura _aARTE _9703 |
||
| 650 |
_2Tesauro de Arte & Arquitectura _aCRITICA |
||
| 650 |
_2Tesauro de Arte & Arquitectura _aAPRECIACION |
||
| 650 |
_2Tesauro de Arte & Arquitectura _aCOLECCIONISMO |
||
| 650 |
_2Tesauro de Arte & Arquitectura _aARTE - USA |
||
| 700 |
_aShanley, Paul _epublicista |
||
| 942 |
_2ddc _c1 _h701.1 _iB167a _n0 |
||
| 999 |
_c3180 _d3180 |
||